Rainwater and greywater use in buildings :Best practice guidance (Record no. 101746)

MARC details
000 -LEADER
fixed length control field 00678cam a2200265 4500
008 - FIXED-LENGTH DATA ELEMENTS--GENERAL INFORMATION
fixed length control field 011024n2001 000 0 eng u
020 ## - INTERNATIONAL STANDARD BOOK NUMBER
International Standard Book Number 0860175391
035 ## - SYSTEM CONTROL NUMBER
System control number (Sirsi) u115283
050 ## - LIBRARY OF CONGRESS CALL NUMBER
Classification number 696.1
100 ## - MAIN ENTRY--PERSONAL NAME
Personal name Leggett, D. J.
245 ## - TITLE STATEMENT
Title Rainwater and greywater use in buildings :Best practice guidance
260 ## - PUBLICATION, DISTRIBUTION, ETC.
Place of publication, distribution, etc. London
Name of publisher, distributor, etc. CIRIA
Date of publication, distribution, etc. 2001
300 ## - PHYSICAL DESCRIPTION
Extent 121; 30cm.
350 ## - PRICE (NR) (BK AM CF MU VM SE) [OBSOLETE]
Price 45.00
490 ## - SERIES STATEMENT
Series statement CIRIA
Volume/sequential designation C539
650 ## - SUBJECT ADDED ENTRY--TOPICAL TERM
Topical term or geographic name entry element RAINWATER
650 ## - SUBJECT ADDED ENTRY--TOPICAL TERM
Topical term or geographic name entry element GREYWATER
650 ## - SUBJECT ADDED ENTRY--TOPICAL TERM
Topical term or geographic name entry element WATER CONSERVATION
650 ## - SUBJECT ADDED ENTRY--TOPICAL TERM
Topical term or geographic name entry element Sustainability
9 (RLIN) 6271
650 ## - SUBJECT ADDED ENTRY--TOPICAL TERM
Topical term or geographic name entry element WATER QUALITY
690 ## - LOCAL SUBJECT ADDED ENTRY--TOPICAL TERM (OCLC, RLIN)
Topical term or geographic name as entry element BUILT ENVIRONMENT
700 ## - ADDED ENTRY--PERSONAL NAME
Personal name Brown, R.
700 ## - ADDED ENTRY--PERSONAL NAME
Personal name Stanfield, G.
942 ## - ADDED ENTRY ELEMENTS (KOHA)
Suppress in OPAC 0
Holdings
Withdrawn status Lost status Source of classification or shelving scheme Damaged status Not for loan Home library Current library Shelving location Date acquired Cost, normal purchase price Total Checkouts Full call number Barcode Date last seen Date last checked out Copy number Cost, replacement price Price effective from Koha item type
    Dewey Decimal Classification     London London Folio 24/10/2001 45.00 13 F696.1 LEG 30065025 06/08/2019 17/03/2008 1 45.00 06/08/2019 Book